00873 a2200181 4500003000500000005001700005040000900022082001200031100003300043245005900076260003600135300001000171505033300181650002500514942001200539999001900551952012100570Nust20230206124457.0 cNust a968,KEP akeppel-Jones, Arthur9108667 aSouth Africa :ba short history /cArthur Keppel-Jones aNew YorkbHutchinson University a210:p aThe Half-Way House (Page-11), The Afrikaners (Page-24), Slaves and Hottentots (Page-38), The Bantu Trek (Page-51), The Great Trek (Page-65), Diamond and Englishmen (Page-82), The Imperial (Page-96), The Outlanders (Page-116), Nationalism (Page-145), Union and Disunity (Page-153), Race Relations (Page-166), Hertzog (Page-179).  aSouth Africa9108668 2ddccBK c187514d187514 00102ddc4070aMCSbMCScGENd2016-12-12o968,KEPpMCS29207r2016-12-08w2016-12-12yBKzAlmirah No.62, Shelf No.5